000 01531nam a2200313Ma 4500
001 1992scienceyearw00chic
003 CaSfIA
005 20210117181553.0
007 cr||||
008 920707s1991 iluabc b 001 0 eng d
040 _aAU@
_beng
_cAU@
_dYDXCP
_dCaSfIA
020 _a0716605929
020 _a9780716605928
035 _a(OCoLC)221165038
082 0 4 _a509
_220
245 0 0 _a1992 science year :
_h[electronic resource]
_bthe World book annual science supplement : a review of science and technology during the 1991 school year.
246 3 _aScience year :
_bthe World book annual science supplement
260 _aChicago :
_bWorld Book,
_cc1991.
300 _a400 p. :
_bcol. ill., maps, ports. ;
_c26 cm.
504 _aIncludes bibliographical references and index.
650 0 _aScience
_xHistory.
856 4 1 _uhttp://www.archive.org/details/1992scienceyearw00chic
_zFree eBook from the Internet Archive
856 4 2 _uhttp://www.openlibrary.org/books/OL24199126M
_zAdditional information and access via Open Library
029 0 _aAU@
_b000009100340
999 _c464617
_d464617
942 _cEB
506 _fНеобхідна авторизація на https://archive.org/ (створення облікового запису безкоштовно)
506 _fНеобхідна авторизація на https://openlibrary.org/ (створення облікового запису безкоштовно)